000 01352nam a2200337 a 4500
001 000109071
003 CHAP
005 20220329144036.0
008 140401s2013 mx a sm |||||||spa d
010 _a105533
011 _a106505
040 _cCHAP
090 _aTesis
100 1 _aRamírez Gutiérrez, Arturo
_9126183
245 1 0 _aPlan de restructuración ecológica para el área de conservación del Parque Nacional Molino de Flores, Texcoco ,edo de México
_h[En línea]
_cpor Arturo Ramírez Gutiérrez.
260 _aChapingo, Méx. :
_bEl autor.,
_c2013.
500 _aPara ver el contenido del material haga clic en la liga
502 _aTesis (M.C. en Agroforestería para el Desarrollo Sostenible) -- UACH. Departamento de Suelos
590 _aBATCH-UPD
_b05
_c20141002
_lUCH01
_h0859
590 _aE5652GLJ
_b05
_c20140401
_lUCH01
_h1358
590 _aE5652GLJ
_b05
_c20140401
_lUCH01
_h1359
590 _aE5652GLJ
_b05
_c20141029
_lUCH01
_h1308
650 1 4 _aParque Nacional Molino de Flores Nezahualcóyotl, Méx.
_985685
650 1 4 _aParques nacionales
_xPreservación
_zMéxico (Edo.).
_9126186
650 1 4 _aReforestación
_xMéxico (Edo.)
_995500
650 1 4 _aRestauración ecológica.
_9125157
856 _aFinding aid
_uhttp://10.13.5.2/tesis/sist109071.pdf
_zTeclea aquí
901 _aBK
942 _cTESIS
942 _n0
999 _c105533
_d105533